=LDR 00000nam 2200000 4500 =001 INLIS000000000013989 =005 20130612105308 =008 ***********************************Ind** =035 ##$$0010-061300000013989 =041 ##$$a Ind =082 ##$$a 155.3 =090 ##$$a 155.3, Fah c =100 ##$$a Fahrudin, Arif =245 ##$$a Cara mudah menakar kondisi psikoseks, Arif Fahrudin =260 ##$$a 2004 $b Yogyakarta =300 ##$$a 158 hlm, 19 cm =650 ##$$a Psikologi seks =850 ##$$a NBPNMAT